000 00383pam a2200157a 44500
008 230515b2007 xxu||||| |||| 00| 0 eng d
020 _a81-7671-005-9
041 _aENGLISH
082 _a624.177
100 _aRAMANATAN S & NARAYANAN R.
245 _aDESIGN OF STEEL STRUCTURE
250 _a1997
260 _aNULL
_bDEVAKINANDAN NARAYAN
_c2007
300 _a50
650 _aNULL
999 _c478447
_d478447